000 01025cab a2200325 4500
001 ABS59813
008 090401t1999 xxu||||| |||| 00| 0 eng d
035 _a(Sirsi) u90408
041 _aeng
100 _aLowe, S.
245 _aTwilight zones
260 _c1999
350 _a0
490 _aRoof
_v24(1) January 1999, 27-29(3)
520 _aDiscussion on low demand for housing being used as an argument against the need to build new homes. Reviews the oversupply of housing and property decline in the inner city, and the effect on the community left behind.
650 _aABANDONED PROPERTY
650 _aHOUSE BUILDING
650 _aHOUSEHOLD PROJECTIONS
650 _aLOW DEMAND
650 _aNEW HOMES
650 _aSOCIAL EXCLUSION
650 _aSOCIAL HOUSING
650 _aSUPPLY AND DEMAND
650 _aURBAN COMMUNITIES
690 _aPROPERTY-RESIDENTIAL PROPERTY-RESIDENTIAL PROPERTY MARKET
700 _aKeenan, P.
700 _aSpencer, S.
942 _n0
948 _c21/12/1998
999 _c57317
_d57317